Solid state physical electronics / (Record no. 19292)
[ view plain ]
| 000 -LEADER | |
|---|---|
| fixed length control field | 00953nam a22002892 4500 |
| 001 - CONTROL NUMBER | |
| control field | 19292 |
| 003 - CONTROL NUMBER IDENTIFIER | |
| rucl marc code | BD-RjUL |
| 005 - DATE AND TIME OF LATEST TRANSACTION | |
| control field | 20211209000418.0 |
| 008 - FIXED-LENGTH DATA ELEMENTS--GENERAL INFORMATION | |
| fixed length control field | 140223s1968 njua b 001 0 eng |
| 035 ## - SYSTEM CONTROL NUMBER | |
| System control number | (BD-RjUL)19350 |
| 040 ## - CATALOGING SOURCE | |
| Original cataloging agency | DLC |
| Transcribing agency | DLC |
| Modifying agency | UKM |
| -- | EQO |
| -- | BD-RjUL |
| Language of cataloging | eng |
| 041 ## - LANGUAGE CODE | |
| Language code of text/sound track or separate title | eng |
| 082 ## - DEWEY DECIMAL CLASSIFICATION NUMBER | |
| Classification number | 537.5 |
| Author mark and year | ZIS 1968 |
| 100 1# - MAIN ENTRY--PERSONAL NAME | |
| Personal name | Van der Ziel, Aldert, |
| Dates associated with a name | 1910- |
| 9 (RLIN) | 28255 |
| 245 10 - TITLE STATEMENT | |
| Title | Solid state physical electronics / |
| 250 ## - EDITION STATEMENT | |
| Edition statement | 2d ed. |
| 260 ## - PUBLICATION, DISTRIBUTION, ETC. (IMPRINT) | |
| Place of publication, distribution, etc. | Englewood Cliffs, N.J. : |
| Name of publisher, distributor, etc. | Prentice-Hall, |
| Date of publication, distribution, etc. | c1968 [Reprint 1971] |
| 300 ## - PHYSICAL DESCRIPTION | |
| Pagination | xv, 633 p. : |
| Illustrations | ill . ; |
| Size | 24 cm. |
| 490 1# - SERIES STATEMENT | |
| Series statement | Solid state physical electronics series |
| Series statement | Prentice-Hall electrical engineering series |
| 504 ## - BIBLIOGRAPHY, ETC. NOTE | |
| Bibliography, etc | Includes bibliographies and index. |
| 650 #0 - SUBJECT ADDED ENTRY--TOPICAL TERM | |
| Topical term or geographic name as entry element | Electronics. |
| 9 (RLIN) | 59336 |
| 830 #0 - SERIES ADDED ENTRY--UNIFORM TITLE | |
| Uniform title | Solid state physical electronics series |
| Uniform title | Prentice-Hall electrical engineering series |
| 942 ## - ADDED ENTRY ELEMENTS (KOHA) | |
| Source of classification or shelving scheme | Dewey Decimal Classification |
| Koha item type | Books |
| Lost status | Source of classification or shelving scheme | Damaged status | Not for loan | Collection code | Permanent Location | Current Location | Shelving location | Date acquired | Source of acquisition | Cost, normal purchase price | Total Checkouts | Full call number | Date last seen | Copy number | Koha item type |
|---|---|---|---|---|---|---|---|---|---|---|---|---|---|---|---|
| Dewey Decimal Classification | Non-fiction | Central Library, University of Rajshahi | Central Library, University of Rajshahi | 29/03/1976 | praticia hall of india | 20.00 | 537.5 ZIS 1968 | 23/02/2014 | C-5 | Books | |||||
| Dewey Decimal Classification | Non-fiction | Central Library, University of Rajshahi | Central Library, University of Rajshahi | 29/03/1976 | Praticia hall of india | 20.00 | 537.5 ZIS 1971 | 24/10/2016 | C-2 | Books |